01871nam a22002417a 450000500170000000800410001702000180005804000070007604100080008308200190009110000180011024500330012825000060016126000610016730000280022836501000025652011530035665000250150965000250153465000220155965000250158165000230160620260402093249.0260402b |||||||| |||| 00| 0 eng d a9789389396294 cAL aeng a629.8312bKANA aNagoor Kani A aAdvanced control theory Ed 3 a3 aNew DelhibCBS Publishers and Distributors Pvt Ltdc2022 axii,364pbPBc24.5x17cm 2Electronics and Communication EngineeringaVBI-2645b₹337.50c₹d₹450.00e25%f20-02-2026 aThe book is designed for universities that teach advance course in control systems as an elective in BE/BTech (EEE | E&I | ICE) and various branches of ME/MTech. It presents the topics in an easy to understand manner with thorough explanations and detailed illustrations, to make students understand the basic underlying concepts. Advanced Control Theory for BE, BTech, ME, MTech Courses, 3/e is designed for universities that teaches advance course in control systems as an elective in BE/BTech (EEE | E&I | ICE) and various branches of ME/MTech. It presents the topics in an easy to understand manner with thorough explanations and detailed illustrations,to make students understand the basic underlying concepts. This book is organized into 5 chapters and appendices. The conventional and modern design concepts of continuous and discrete time control systems are presented in a very easiest and elaborative manner. The analysis and design of nonlinear control systems are included with clear explanations. Throughout the book, carefully chosen examples are presented so that the reader will have a clear understanding of the concepts discussed. aLinear System Design aData Control Systems aNonlinear Systems aState Space Analysis aBE BTech ME MTech